Loading...
| Science - Biology | 0 | 9 | 0 | 0 | 90 | 30 | 59.44 | 4 | 9 | 39.32 | 59.58 |
| Fine Arts - Classical Music | 0 | 9 | 0 | 1 | 90 | 39 | 69.78 | 4 | 9 | 34.90 | 61.25 |
| Philosophy | 0 | 7 | 0 | 0 | 70 | 36 | 91.14 | 2 | 7 | 18.40 | 44.17 |
| Literature - European | 0 | 7 | 1 | 1 | 65 | 53 | 108.00 | 1 | 6 | 12.78 | 32.92 |
| Literature - World | 0 | 6 | 1 | 1 | 55 | 54 | 81.83 | 4 | 5 | 19.60 | 39.17 |
| Literature - American | 0 | 5 | 0 | 1 | 50 | 94 | 110.00 | 2 | 4 | 9.21 | 33.33 |
| Science - Physics | 0 | 6 | 2 | 0 | 50 | 30 | 65.83 | 4 | 6 | 24.35 | 43.75 |
| Science - Chemistry | 0 | 5 | 1 | 1 | 45 | 40 | 63.80 | 3 | 5 | 19.25 | 37.92 |
| Fine Arts - Painting and Sculpture | 0 | 4 | 0 | 0 | 40 | 49 | 85.50 | 1 | 4 | 12.71 | 25.00 |
| History - Other | 0 | 3 | 0 | 1 | 30 | 94 | 123.67 | 0 | 2 | 1.86 | 8.33 |
| Science - Other | 0 | 3 | 2 | 0 | 20 | 23 | 42.67 | 2 | 3 | 15.99 | 23.33 |
| Literature - British | 0 | 2 | 0 | 2 | 20 | 138 | 146.50 | 0 | 1 | -0.05 | 6.67 |
| Fine Arts - Other | 0 | 1 | 0 | 0 | 10 | 90 | 90.00 | 0 | 1 | 2.47 | 5.00 |
| Mythology | 0 | 1 | 0 | 0 | 10 | 122 | 122.00 | 0 | 0 | -0.07 | 1.67 |
| Social Science | 0 | 1 | 2 | 0 | 0 | 76 | 76.00 | 0 | 1 | 3.23 | 6.67 |